| 000 | 00433nam a22001817a 4500 | ||
|---|---|---|---|
| 003 | OSt | ||
| 008 | 250204b |||||||| |||| 00| 0 eng d | ||
| 020 | _a978-93-89944815 | ||
| 082 | _a615.1 PAE | ||
| 100 | _aPanigrahi, Ghanshyam | ||
| 245 | _aExperimental Pharmacology-III | ||
| 250 | _a2nd | ||
| 260 |
_aN.Delhi _bNarali Pub. _c2022 |
||
| 300 | _a122 | ||
| 650 | _aPharmacology-III | ||
| 700 | _aPatra,Arjun | ||
| 942 |
_2ddc _cBK |
||
| 999 |
_c13062 _d13062 |
||